01451 2200433 4500001002100000005001500021035002000036007000300056008004100059020002200100082001400122084001600136245020700152250003100359300004300390700002400433700003700457700003200494700002900526700003400555700002400589700003000613700003800643264003100681336002100712337003000733338002300763040002200786090002000808850001200828504002900840651002500869999002200894100003300916650002000949041000800969990002000977990002000997INLIS00000000087090220220705021853 a0010-0722000032ta220705s2021 yoia g | ind d a978-602-258-602-904223a959.8 a959.8 AMI s10aSejarah lokal napas bangsa Indonesia /cAmillia Rahmawati, Mohammad Rikaz Prabowo, Shahril Taklil, Yulianto, Agus Sigit Pramono, Ary Anjarwati; penyunting, Lilik Suharmaji, Susanto Yunus Alfian, Wahyudi aCetakan ketujuh, Juni 2021 axiv, 339 halaman :bIlustrasi ;c24 cm0 aWahyudiepenyunting0 aSusanto Yunus Alfianepenyunting0 aLilik Suharmajiepenyunting0 aAry Anjarwatiepengarang0 aAgus Sigit Pramonoepengarang0 aYuliantoepengarang0 aShahril Taklilepengarang0 aMohammad Rikaz Prabowoepengarang31aYogyakarta :bOmbak,c2021 2rdacontentateks 2rdamediaatanpa perantara 2rdacarrieravolume aYOPDYOGbinderda aNUS 959.8 AMI s aYOPDYOG aBibliografi: halaman 339 aIndonesia--xSejarah aCB-D.11/2021-07960 aAmillia Rahmawatiepengarang 4aBelajar, Metode aind a44897-PD/B.2022 a44898-PD/B.2022